| 000 | 01034nac a22002531u 4500 | ||
|---|---|---|---|
| 010 | _a 95049816 | ||
| 020 | _a0195079213 (acid-free paper) | ||
| 082 | 0 | 0 |
_a670.42 _bCHA |
| 090 |
_c7524 _d7524 |
||
| 100 | _aChandra, Abhijit. | ||
| 245 | 1 | 0 |
_aBoundary element methods in manufacturing / _cAbhijit Chandra, Subrata Mukherjee. |
| 260 |
_aNew York : _bOxford University Press,1997 _c1997. |
||
| 300 |
_axvi, 508 p. : _bill. ; _c25 cm. |
||
| 440 | 0 |
_aOxford engineering science series ; _v47 |
|
| 500 | _adistributer: Al-Ahram | ||
| 504 | _aIncludes bibliographical references and index. | ||
| 511 | _acatalogued by: wessam | ||
| 650 | 0 |
_aManufacturing processes _xMathematical models. |
|
| 650 | 0 | _aBoundary element methods. | |
| 700 | 1 | _aMukherjee, Subrata. | |
| 856 | 4 | 2 |
_3Publisher description _uhttp://www.loc.gov/catdir/enhancements/fy0603/95049816-d.html |
| 856 | 4 | 2 |
_3Table of contents only _uhttp://www.loc.gov/catdir/enhancements/fy0603/95049816-t.html |
| 942 |
_cBB _k670.42CHA |
||
| 999 |
_c7524 _d7524 |
||